Movies Quiz

Random Movies or Actress Quiz

Road to... Movies Quiz Stats

 Plays Quiz Updated Apr 3, 2020

     
Support Sporcle.
Go Orange.
Score 0/7 Timer 02:00
0 Plays Today
Character Names Title % Correct
Jeff Peters, 'Turkey' Jackson, Princess Shalmar of KarameeshRoad to Morocco
75.5%
George Cochran, Harold Grindley, Princess LalaRoad to Bali
51.8%
Scat Sweeney, 'Hot Lips' Barton, Lucia Maria de AndradeRoad to Rio
46.6%
Joshua Mallon V, Ace Lannigan, MimaRoad to Singapore
41.8%
Chuck Reardon, 'Fearless' Frazier, Donna LatourRoad to Zanzibar
39.2%
Harry Turner, Chester Babcock, Secret Agent DianeRoad to Hong Kong
32.9%
Duke Johnson, Chester Hooton, Sal Van HoydenRoad to Utopia
28.6%

From the Vault

Extinct Apex Predators

by alvir28

Science 4m
Not so apex anymore, eh?
Remove Ads.
Support Sporcle.
Get the best of Sporcle when you Go Orange. This ad-free experience offers more features, more stats, and more fun while also helping to support Sporcle. Thank you for becoming a member.

Show Comments

Extras

Top Quizzes Today


Score Distribution

Your Account Isn't Verified!

In order to create a playlist on Sporcle, you need to verify the email address you used during registration. Go to your Sporcle Settings to finish the process.

Report this User

Report this user for behavior that violates our Community Guidelines.

Details: